000 00981nam a2200217 i 4500
001 40816
003 ES-MaACL
005 20251011063059.0
007 t|
008 030307s1821 sp ||||1| spa d
100 1 _aCapmany y de Montpalau, Antonio de,
_d1742-1813
_934868
245 1 0 _aPráctica y estilo de celebrar Cortes en el Reino de Aragón, Principado de Cataluña y Reino de Valencia y una noticia de las de Castilla y Navarra /
_crecopilado todo y ordenado por Antonio de Capmany y de Montpalau.
260 _aMadrid :
_b[s.n.],
_c1821 (
_fImp. de José Collado)
300 _aVII, 356 p. ;
_c21 cm.
505 8 _aVa añadido el reglamento para el Consejo representativo de Ginebra, y los reglamentos que se obserban en la Camara de los Comunes de Inglaterra
651 4 _aAragón (Reino)-
_xHistoria.
_97791
651 4 _aCataluña-
_xHistoria.
_98013
651 4 _aValencia (Reino)-
_xHistoria.
_99504
852 _aES-MaACL
_jG-805
999 _c40816
_d40816